000 00285nam a22001337a 4500
008 180926b xxu||||| |||| 00| 0 eng d
020 _a9781413018882
041 _aeng
080 _24th
_a370
100 _a25
101 _aEDU
245 _aPuentes
_cMarinelli,P.J
942 _2udc
_cBK
999 _c48470
_d48470